000
00379nam a2200157Ia 4500
008
191206s9999 xx 000 0 und d
020
_a
333533674
090
_a
PR4172.W73
245
0
_a
Wuthering Heights Notes
250
_a
Rev. ed.
260
_a
Macmillan
260
_b
Casebook series
260
_c
c1992
300
_a
246 p. ; 23 cm.
999
_c
17341
_d
17341